Privatizácia Transpetrolu ovplyvní možnosť dodávok a prepravy kaspickej ropy cez Slovensko
Šiesti záujemcovia o privatizáciu Transpetrolu, a.s. Bratislava. Záujemcov, ktorí majú do 16. novembra 2001 predložiť svoje ponuky, možno rozdeliť do troch skupín. Prepravcovia ropy. Otváranie cesty pre kaspickú ropu - nový ukrajinský ropovod Odesa-Brody. Trhy pre kaspickú ropu. Konkurencia ruskej r...
Uložené v:
| Hlavný autor: | |
|---|---|
| Médium: | Kapitola |
| Jazyk: | Slovak |
| Predmet: | |
| Tagy: |
Žiadne tagy, Buďte prvý, kto otaguje tento záznam!
|
MARC
| LEADER | 00000naa a2200000 4500 | ||
|---|---|---|---|
| 001 | r043264 | ||
| 005 | 20230921112258.7 | ||
| 041 | 0 | |a slo | |
| 044 | |a SK | ||
| 245 | 1 | 0 | |a Privatizácia Transpetrolu ovplyvní možnosť dodávok a prepravy kaspickej ropy cez Slovensko |c Karel Hirman |
| 520 | |a Šiesti záujemcovia o privatizáciu Transpetrolu, a.s. Bratislava. Záujemcov, ktorí majú do 16. novembra 2001 predložiť svoje ponuky, možno rozdeliť do troch skupín. Prepravcovia ropy. Otváranie cesty pre kaspickú ropu - nový ukrajinský ropovod Odesa-Brody. Trhy pre kaspickú ropu. Konkurencia ruskej rope. Konkurencia ruských firiem. | ||
| 610 | 2 | 0 | |a ropa |
| 610 | 2 | 0 | |a ropovody |
| 610 | 2 | 0 | |a rafinérie |
| 610 | 2 | 0 | |a privatizácia |
| 610 | 2 | 0 | |a Rusko |
| 610 | 2 | 0 | |a Transpetrol, a.s. Bratislava |
| 610 | 2 | 0 | |a preprava |
| 100 | 1 | |a Hirman, Karel | |